Hrozí nám medzigeneračná studená vojna?
Prognóza vývoja ekonomiky SR. Konsolidácia verejných financií a medzigeneračná solidarita.
Gespeichert in:
| 1. Verfasser: | |
|---|---|
| Format: | Buchkapitel |
| Sprache: | Slowakisch |
| Schlagworte: | |
| Tags: |
Keine Tags, Fügen Sie das erste Tag hinzu!
|
MARC
| LEADER | 00000naa a2200000 4500 | ||
|---|---|---|---|
| 001 | 0306971 | ||
| 005 | 20250828102134.7 | ||
| 041 | 0 | |a slo | |
| 044 | |a SK | ||
| 245 | 1 | 0 | |a Hrozí nám medzigeneračná studená vojna? |c Karol Morvay |
| 520 | |a Prognóza vývoja ekonomiky SR. Konsolidácia verejných financií a medzigeneračná solidarita. | ||
| 610 | 2 | 0 | |a ekonomika |
| 610 | 2 | 0 | |a prognózy |
| 610 | 2 | 0 | |a produkt domáci hrubý |
| 610 | 2 | 0 | |a inflácia |
| 610 | 2 | 0 | |a spotreba domácností |
| 610 | 2 | 0 | |a mzdy |
| 610 | 2 | 0 | |a konsolidácia |
| 610 | 2 | 0 | |a financie verejné |
| 610 | 2 | 0 | |a generácie |
| 610 | 2 | 0 | |a solidarita |
| 610 | 2 | 0 | |a Slovensko |
| 100 | 1 | |a Morvay, Karol, 1973- | |